[Event "GER-ch Seniors 07th"]
[Site "Oldenburg"]
[Date "1995.??.??"]
[Round "3"]
[White "Rudolph, Willi"]
[Black "Romey, Heinz"]
[Result "1/2-1/2"]
[WhiteElo "1398"]
[BlackElo "1577"]
[PlyCount "84"]
[EventDate "1995.08.24"]
[EventType "swiss"]
[EventRounds "9"]
[EventCountry "GER"]
[SourceTitle "EXT 2022"]
[Source "ChessBase"]
[SourceDate "2021.10.06"]
[SourceVersion "1"]
[SourceVersionDate "2021.10.06"]
[SourceQuality "1"]

1. Nf3 d5 2. e3 Nf6 3. c4 c6 4. Nc3 e6 5. cxd5 cxd5 6. Bb5+ Bd7 7. 0-0 Bd6 8. h3 0-0 9. b3 Nc6 10. a3 a6 11. Bd3 e5 12. Bb1 Rc8 13. Bb2 Bb8 14. Ne2 Be6 15. Ng5 h6 16. Nxe6 fxe6 17. Bg6 Ne7 18. Qb1 e4 19. Bxf6 Rxf6 20. Bh5 g6 21. Qb2 Qd6 22. Ng3 Rcf8 23. Be2 Nf5 24. Rac1 Nxg3 25. fxg3 Qxg3 26. Rxf6 Qh2+ 27. Kf1 Qh1+ 28. Kf2 Rxf6+ 29. Qxf6 Qxc1 30. Qd8+ Kf7 31. Qxb8 Qxd2 32. Qxb7+ Kf6 33. Qxa6 d4 34. exd4 Qxd4+ 35. Kf1 Qa1+ 36. Kf2 Qd4+ 37. Ke1 Qc3+ 38. Kd1 Qxb3+ 39. Kc1 Qc3+ 40. Kb1 Qb3+ 41. Ka1 Qc3+ 42. Ka2 Qc2+ 1/2-1/2